ASOIAF: Did They Really Say That? (Slideshow) Quiz Stats

Quiz not verified by Sporcle

Challenge
Share
Tweet
Score 0/26 Timer 07:00
0 Plays Today
% Correct
No - Robert Baratheon (A Game of Thrones)
95.2%
Yes - Davos Seaworth (A Clash of Kings)
93.8%
Yes - Hodor (A Game of Thrones)
93.1%
No - Jorah Mormont (A Storm of Swords)
91.1%
Yes - Varys (A Game of Thrones)
87.3%
Yes - Eddard Stark (A Game of Thrones)
87.2%
No - Maester Aemon (A Game of Thrones)
81.3%
Yes - Petyr Baelish (A Storm of Swords)
81.3%
No - Eddard Stark (A Game of Thrones)
80.8%
Yes - Bran Stark (A Storm of Swords)
80.6%
No - Tywin Lannister (A Storm of Swords)
80.5%
Yes - Tyrion Lannister (A Game of Thrones)
80.3%
No - Tyrion Lannister (A Game of Thrones)
78.6%
% Correct
No - Jon Connington (A Dance With Dragons)
75.6%
Yes - Jorah Mormont (A Game of Thrones)
72.2%
No - Genna Lannister (A Feast for Crows)
71.7%
Yes - Jon Snow (A Dance With Dragons)
68.1%
Yes - Brienne of Tarth (A Clash of Kings)
66.9%
No - Loras Tyrell (A Feast for Crows)
65.5%
No - Catelyn Stark (A Clash of Kings)
61.4%
Yes - Barristan Selmy (A Dance With Dragons)
56.9%
Yes - Jaime Lannister (A Game of Thrones)
53.8%
Yes - Melisandre (A Dance With Dragons)
52.7%
No - Asha Greyjoy (A Feast for Crows)
42.8%
No - Daenerys Targaryen (A Storm of Swords)
42.8%
No - Olenna Redwyne (A Storm of Swords)
37%

You're not logged in!

Compare scores with friends on all Sporcle quizzes.
Sign Up with Email
OR
Log In

You Might Also Like...

Show Comments

Extras

Top Quizzes Today


Score Distribution

Your Account Isn't Verified!

In order to create a playlist on Sporcle, you need to verify the email address you used during registration. Go to your Sporcle Settings to finish the process.